[Event "Portugal Open 2019"]
[Site "Lisbon"]
[Date "2019.02.05"]
[Round "5.16"]
[White "Terrieux, Kevin"]
[Black "Sande Edreira, Jose Antonio"]
[Result "1-0"]
[WhiteElo "2459"]
[BlackElo "2244"]
[Annotator "TA"]
[PlyCount "99"]
[EventDate "2019.01.25"]
[EventType "swiss"]
[EventCountry "POR"]
[SourceTitle "playchess.com"]
[Source "ChessBase"]
[SourceQuality "1"]

{[%evp 9,99,16,21,-10,0,0,0,0,23,0,10,11,14,22,43,19,27,23,29,30,15,13,18,11,12,8,50,25,56,0,89,84,79,68,93,80,93,46,47,55,112,125,110,10,37,30,45,24,91,20,122,20,146,135,135,133,218,232,218,225,284,282,300,286,387,397,368,263,373,253,233,256,316,289,331,327,318,297,372,395,402,400,393,391,808,806,729,684,1266,1263,807,689]} 1. d4 ({Predecessor:} 1. e4 g6 2. d4 Bg7 3. Nf3 d6 4. Bd3 Nf6 5. O-O O-O 6. c3 c5 7. Nbd2 cxd4 8. cxd4 {1-0 (38) Zagrebelny,S (2525)-Benjamin,J (2609) Bled 2002}) 1... Nf6 2. Nf3 g6 3. Nbd2 Bg7 4. e4 O-O 5. Bd3 c5 $146 (5... d6 6. O-O c5 7. c3 Qc7 8. h3 Nc6 9. d5 Ne5 10. Nxe5 dxe5 11. Re1 Ne8 12. a4 Nd6 13. Nc4 e6 14. Nxd6 Qxd6 15. Bc4 exd5 16. Bxd5 {½-½ (45) Grischuk,A (2767)-Mamedyarov,S (2809) Moscow 2018}) 6. c3 {A48: 1 d4 Nf6 2 Nf3 g6: Torre, London and Colle Systems} cxd4 7. cxd4 Nc6 8. O-O {The position is equal.} d6 9. h3 Nd7 10. Nb3 a5 11. a4 e5 {[%cal Re5d4]} 12. Be3 Nb4 ({Predecessor:} 12... exd4 13. Nbxd4 Nb4 14. Bc4 Nc5 15. Bg5 Bf6 16. Bxf6 Qxf6 {1-0 (38) Zagrebelny,S (2525)-Benjamin,J (2609) Bled 2002}) 13. Bb5 exd4 14. Bxd4 Bxd4 15. Nbxd4 Nc5 16. Re1 Bd7 17. Ra3 Re8 18. Rae3 $1 Rc8 19. b3 (19. Bxd7 $14 Qxd7 20. Nb5) 19... Qf6 (19... Bxb5 $11 {remains equal.} 20. Nxb5 d5) 20. Bxd7 $16 Nxd7 {[#]} 21. Nb5 $1 {[%cal Rb5d6]} Re6 {White should prevent ...Nc2.} 22. Nfd4 {Threatens to win with Rf3.} Re5 23. Qg4 Rd8 $1 24. Rf3 Qg5 (24... Qe7 $14) 25. Qxg5 Rxg5 26. Rfe3 (26. Nxd6 $16 Ne5 27. Rf6) 26... Nf6 27. Rd1 $36 {[%mdl 2048] White has good play.} Rc5 28. Nf3 Ne8 (28... d5 $11) 29. Re2 ({White should try} 29. Nd2 $16) 29... f6 {[#]} (29... d5 $11) 30. Red2 ({Better is} 30. Nd2 $1 $16) 30... Rc2 (30... d5 $11 {keeps the balance.}) 31. Rxc2 Nxc2 32. Nd2 d5 {[#]} (32... Nb4 $16 {is a better defense.} 33. Nc4 Nc6) 33. Nc4 $1 $18 {[%mdl 576] Pin} d4 (33... dxc4 34. Rxd8) 34. Nxa5 Nd6 35. Nxd6 Rxd6 36. Nxb7 {[%mdl 4096] Endgame KRN-KRN} Rb6 37. Nc5 Rc6 38. b4 Kf7 (38... Nxb4 {might work better.} 39. Rxd4 Rxc5) 39. Rd2 Nxb4 40. Rxd4 Nc2 41. Rc4 Na3 42. Rc1 Ke7 43. Nd3 Rxc1+ 44. Nxc1 {KN-KN} Nc4 45. Nd3 Kd6 46. f4 Nd2 $2 (46... Ke6 47. Kf2 Kd6) 47. e5+ {White is clearly winning.} fxe5 48. fxe5+ Kd5 49. a5 {[%cal Ba4a5,Ba5a6][%mdl 32]} Nc4 50. a6 {Accuracy: White = 57%, Black = 13%.} 1-0

[Event "Portugal Open 2019"]
[Site "Lisbon"]
[Date "2019.02.05"]
[Round "5.17"]
[White "Thorhallsson, Throstur"]
[Black "Pietruszewski, Marcin"]
[Result "1/2-1/2"]
[WhiteElo "2425"]
[BlackElo "2226"]
[Annotator "TA"]
[PlyCount "89"]
[EventDate "2019.01.25"]
[EventType "swiss"]
[EventCountry "POR"]
[SourceTitle "playchess.com"]
[Source "ChessBase"]
[SourceQuality "1"]

{[%evp 14,89,19,19,42,13,10,2,12,8,13,-18,27,14,41,-17,-24,-23,64,55,179,183,134,136,320,325,312,162,178,152,132,95,112,109,93,97,95,16,552,133,133,126,137,139,124,106,194,116,137,120,165,77,80,60,185,91,142,83,194,104,112,104,106,0,62,0,57,0,0,0,0,0,0,0,0,0,0,0]} 1. e4 c5 2. Nf3 e6 3. d4 cxd4 4. Nxd4 a6 5. Nc3 Qc7 6. Bd3 Nf6 7. Qe2 ({Predecessor:} 7. O-O d6 8. Kh1 Be7 9. f4 Nbd7 10. Qe2 O-O 11. Nf3 {½-½ (31) Kerigan,D (2184)-Balomenakis,H (1874) Chania 2010}) 7... d6 8. f4 Nbd7 {B82: Sicilian Scheveningen: 6 f4} 9. Nf3 $146 (9. g4 Nc5 10. g5 Nfd7 11. Be3 b5 12. a3 Bb7 13. O-O-O Rc8 14. Kb1 e5 15. Nf5 g6 16. Nh6 Bxh6 17. gxh6 exf4 18. Bxf4 {1-0 (36) Zhigalko,A (2545)-Gordievsky,D (2614) St Petersburg 2018}) 9... Nc5 10. O-O Be7 11. Kh1 O-O 12. Be3 Nfd7 13. a4 ({Predecessor:} 13. Rae1 b5 14. e5 Bb7 15. exd6 Qxd6 16. Rd1 Nxd3 17. Rxd3 Qc7 18. Rfd1 {½-½ (31) Kerigan,D (2184)-Balomenakis,H (1874) Chania 2010}) 13... b6 14. Bc4 (14. f5 $14) 14... Bb7 $11 15. f5 Nxe4 (15... exf5 $11 16. exf5 Nf6) 16. fxe6 $14 Nxc3 (16... fxe6 $14 17. Bxe6+ Kh8) 17. exf7+ $18 ({And not} 17. bxc3 fxe6 18. Bxe6+ Kh8 $11) 17... Kh8 18. bxc3 d5 $2 (18... Bf6 $16) 19. Bd3 {And now Ng5 would win.} Rxf7 {[#]} 20. Ng5 (20. Bxh7 $142 $1 {[%mdl 512]} Qd6 (20... Kxh7 21. Ng5+) 21. Nd4 Rxf1+ 22. Rxf1) 20... Rxf1+ 21. Rxf1 Bxg5 22. Bxg5 {Qh5 is the strong threat.} Nc5 23. Qf3 $1 {[%cal Rf3f8] Qf8+! would kill now.} Kg8 24. Bf5 $1 $40 {[%mdl 128] White goes for the king.} h6 25. Bg6 ({White should play} 25. Bf4 $16 Qe7 26. Qh5) 25... Ne4 $2 {[%mdl 8192]} ({Wrong is} 25... hxg5 $2 26. Qh5 $18) (25... d4 $1 $11 {and Black stays safe.} 26. Qh3 Qd7 27. Qxd7 Nxd7) 26. Be3 $2 (26. Bf7+ $1 $18 {is the precise move to win.} Kh8 27. Bxh6 $1 {[%mdl 512]} gxh6 28. Qh5 {[%mdl 64] Double Attack}) 26... Qe7 $16 27. Bxb6 Ng5 28. Qd3 Rf8 29. Rxf8+ Kxf8 (29... Qxf8 $16 {keeps fighting.} 30. Qf5 Qxf5 31. Bxf5 Kf8) 30. Be3 ({White should try} 30. Qg3 $18 Bc8 31. Qb8 Qe1+ 32. Bg1) 30... Ne4 31. Bd4 Kg8 32. Qf3 (32. Qh3 $1 $18) 32... Qe6 33. Bf5 Qe7 ({Better is} 33... Qf7 $1 $14) 34. h3 (34. Qf4 $18 {has better winning chances.}) 34... a5 {[#]} (34... Qf7 $142 35. Bh7+ Kf8) 35. Qf4 (35. Qg4 $142 $1) 35... Bc6 {[#]} (35... Qd6 $16 {was necessary.} 36. Be5 Qe7) 36. Qb8+ (36. Bg6 $1 $18 Nf6 37. Bd3) 36... Kf7 37. Bh7 {[%csl Gh7][%cal Rb8g8]} Nf6 38. Bf5 (38. Bd3 $16) 38... Bxa4 (38... Ne4 $1 $11) 39. Qa8 (39. Qb6 $14) 39... Bd7 (39... Qc7 $1 $11) 40. Bxf6 (40. Bxd7 $14 Qxd7 41. Qxa5) 40... Kxf6 $11 {The position is equal.} 41. Bxd7 {aiming for Qc6+.} Qe1+ 42. Kh2 {White wants to mate with Qf8+.} Qe5+ 43. Kg1 {Black must now prevent Qf8+.} Qe1+ 44. Kh2 {Intending Qf8+ and mate.} Qe5+ 45. Kg1 {Accuracy: White = 33%, Black = 39%.} 1/2-1/2

[Event "Portugal Open 2019"]
[Site "Lisbon"]
[Date "2019.02.05"]
[Round "5.18"]
[White "Palozza, Christian"]
[Black "Campora, Daniel H."]
[Result "1-0"]
[WhiteElo "2237"]
[BlackElo "2419"]
[Annotator "TA"]
[PlyCount "59"]
[EventDate "2019.01.25"]
[EventType "swiss"]
[EventCountry "POR"]
[SourceTitle "playchess.com"]
[Source "ChessBase"]
[SourceQuality "1"]

{[%evp 11,59,12,12,-12,-3,-18,-9,-28,-18,-32,-6,-6,-10,-9,-1,-15,0,0,0,-11,120,-20,63,75,79,69,169,94,94,103,86,74,94,0,0,0,0,0,0,-89,-89,-100,-106,-93,-77,-88,-86,-69,-85,-58]} 1. d4 Nf6 2. c4 e6 3. Nf3 b6 4. g3 Bb7 5. Bg2 Bb4+ 6. Bd2 Be7 7. Bc3 {E16: Queen's Indian: 4 g3 Bb7 5 Bg2 Bb4+} (7. O-O c6 8. Nc3 d5 9. Qb3 O-O 10. Rfd1 Nbd7 11. Rac1 h6 12. Ne1 c5 13. cxd5 cxd4 14. d6 Bxd6 15. Bxb7 {1-0 (73) Nakamura,H (2763)-Eljanov,P (2703) Douglas 2018}) 7... d5 8. Ne5 O-O 9. Nd2 $146 {The position is equal.} ({Predecessor:} 9. O-O Ne4 10. cxd5 exd5 11. Be1 Nd7 12. Ng4 f5 13. Ne3 g6 14. Qb3 c6 {0-1 (51) Benoughidene,O (1824)-Wehrle,U Basel 2012}) 9... c5 10. O-O Na6 11. e3 Qc7 12. b3 Rac8 13. Qe2 Ne4 14. Nxe4 dxe4 15. f4 f6 (15... cxd4 $11 16. Bxd4 f6) 16. Ng4 (16. Bh3 $16) 16... g6 (16... cxd4 $11 17. Bxd4 Bc5) 17. d5 $14 exd5 18. cxd5 c4 (18... Nb4 $1 $14) 19. Bxe4 ({Better is} 19. Rfd1 $18) 19... Nc5 $16 20. Bg2 {Black must now prevent Rfd1.} ({Stronger than} 20. Qxc4 Ba6 $17) 20... cxb3 21. Rfc1 Qd7 {[#]} 22. d6 ({White should play} 22. Bd4 $1 $16) 22... Qxd6 $11 {aiming for ...Bxg2.} 23. Bxb7 Nxb7 24. axb3 a5 25. Nf2 {[#]} (25. f5 $11 {keeps the balance.}) 25... Qe6 $1 $17 26. Bd4 Nc5 27. Bxc5 Bxc5 28. Rc3 {[#]} Bd4 $1 {[%mdl 512]} 29. Rxc8 (29. exd4 Qxe2) 29... Rxc8 30. Re1 {[%mdl 32768] Accuracy: White = 39%, Black = 36%. . Loss on time!?} 1-0

[Event "Portugal Open 2019"]
[Site "Lisbon"]
[Date "2019.02.05"]
[Round "5.19"]
[White "Alshameary Puente, Ismael"]
[Black "Fidalgo, Andre Neves"]
[Result "1-0"]
[WhiteElo "2418"]
[BlackElo "2204"]
[Annotator "TA"]
[PlyCount "73"]
[EventDate "2019.01.25"]
[EventType "swiss"]
[EventCountry "POR"]
[SourceTitle "playchess.com"]
[Source "ChessBase"]
[SourceQuality "1"]

{[%evp 22,73,29,2,25,18,50,26,45,7,35,31,48,39,33,35,45,43,87,87,87,67,76,42,336,238,289,279,267,178,427,437,441,469,484,480,479,479,453,481,466,429,545,548,577,586,585,583,689,682,830,856,960,949]} 1. d4 Nf6 2. c4 g6 3. Nc3 d5 4. cxd5 Nxd5 5. e4 Nxc3 6. bxc3 Bg7 7. Bc4 c5 ({Predecessor:} 7... O-O 8. Be3 c5 9. Ne2 Nc6 {1-0 (27) Staniszewski,P (2407)-Tazbir,M (2527) Warsaw 2011}) 8. Ne2 O-O 9. O-O Nc6 10. Be3 Na5 ({Predecessor:} 10... Qc7 11. Rc1 Na5 12. Bd3 b6 {1-0 (27) Staniszewski,P (2407)-Tazbir,M (2527) Warsaw 2011}) 11. Bd3 b6 12. Qd2 Qc7 $146 {D87: Exchange Grünfeld: Classical Line: Variations without ...cxd4} (12... e5 13. Bg5 Qd7 14. Rad1 exd4 15. cxd4 cxd4 16. Bh6 Qd6 17. Ng3 f6 18. Bxg7 Kxg7 19. f4 Qe7 20. f5 Nc6 21. Bb5 Ne5 22. Qxd4 {½-½ (22) Vachier Lagrave,M (2757)-Mchedlishvili,M (2609) Germany 2014}) 13. Rac1 Bd7 14. Bh6 Rad8 {White has an edge.} 15. h4 ({Predecessor:} 15. Bxg7 Kxg7 16. Qe3 f6 17. Nf4 Nc6 18. Bb5 e5 19. Nd5 Qd6 20. dxc5 Qxc5 21. Qxc5 bxc5 {1-0 (27) Staniszewski,P (2407)-Tazbir,M (2527) Warsaw 2011}) 15... Bg4 {[#] ...Bxh6 is the strong threat.} 16. f3 Be6 17. d5 c4 18. Bc2 Bc8 19. h5 Qc5+ 20. Be3 Qc7 21. Rcd1 $36 {[%mdl 2048] Black is under pressure.} e5 22. Ng3 f5 $2 {[%mdl 8192]} (22... Nb7 $14) 23. exf5 gxf5 {And now ...f4 would win.} 24. d6 Qf7 {White must now prevent ...f4.} 25. Bg5 Be6 $2 (25... h6) 26. Bxd8 $18 {White is clearly winning.} Rxd8 27. Qg5 Qf6 28. Qxf6 Bxf6 29. Bxf5 Bxf5 30. Nxf5 Nb7 31. g4 Bg5 32. Rfe1 Bf4 33. Re4 b5 34. Rd5 a6 35. d7 Kf7 {[#]} 36. Nd4 $1 Na5 (36... exd4 37. Rxf4+) 37. Ne2 {Accuracy: White = 76%, Black = 26%.} 1-0

[Event "Portugal Open 2019"]
[Site "Lisbon"]
[Date "2019.02.05"]
[Round "5.20"]
[White "Corbalan Gomez, Juan Jose"]
[Black "Rajesh, V A V"]
[Result "0-1"]
[WhiteElo "2235"]
[BlackElo "2406"]
[Annotator "RC"]
[PlyCount "134"]
[EventDate "2019.01.25"]
[EventType "swiss"]
[EventCountry "POR"]
[SourceTitle "playchess.com"]
[Source "ChessBase"]
[SourceQuality "1"]
[TimeControl "5400+30"]

1. Nf3 Nf6 2. g3 g6 3. Bg2 Bg7 4. O-O O-O 5. c4 c6 6. d4 d5 7. cxd5 cxd5 8. Ne5 e6 9. Nc3 Nfd7 10. Nf3 Nc6 11. Be3 Nf6 12. h3 Ne4 13. Nxe4 dxe4 14. Ne5 Nxe5 15. dxe5 Qa5 16. Bxe4 Qxe5 17. Qc2 Bd7 18. Bxb7 Rab8 19. Bf3 Rxb2 20. Qc5 a5 21. Rfd1 Bb5 22. Qxe5 Bxe5 23. Rab1 Bxe2 24. Bxe2 Rxe2 25. Rb5 Bc3 26. Rd3 Rb2 27. Rxb2 Bxb2 28. Rb3 Bf6 29. Rb5 Bc3 30. Kf1 Rd8 31. Ke2 Kg7 32. Rb3 Bb4 33. a3 Be7 34. Rb5 Rd5 35. a4 Bb4 36. Rb7 Kf6 37. h4 e5 38. Rb8 h5 39. Re8 Rd7 40. f3 Kf5 41. Rb8 Ke6 42. g4 f5 43. gxh5 f4 44. Bf2 gxh5 45. Rh8 Rd2+ 46. Kf1 Ra2 47. Rh6+ Kd5 48. Rxh5 Rxa4 49. Rh8 Ra1+ 50. Kg2 Ra2 51. Kf1 Bc3 52. h5 Bd4 53. Rd8+ Kc4 54. Bxd4 exd4 55. Kg1 Re2 56. h6 Re7 57. Ra8 d3 58. Kf2 d2 59. Rd8 Kc3 60. Rc8+ Kb2 61. Rd8 Kc1 62. Rc8+ Kd1 63. Rc5 Re2+ 64. Kf1 Rh2 65. Rc6 a4 66. Ra6 Kc2 67. Rc6+ Kd3 0-1

[Event "Portugal Open 2019"]
[Site "Lisbon"]
[Date "2019.02.05"]
[Round "5.21"]
[White "Sukandar, Irine Kharisma"]
[Black "Alvarez Serrano, Carlos"]
[Result "1-0"]
[WhiteElo "2397"]
[BlackElo "2201"]
[Annotator "NA RC"]
[PlyCount "97"]
[EventDate "2019.01.25"]
[EventType "swiss"]
[EventCountry "POR"]
[SourceTitle "playchess.com"]
[Source "ChessBase"]
[SourceQuality "1"]
[TimeControl "5400+30"]

{[%evp 25,97,45,61,44,32767,47,72,38,53,37,70,83,32767,74,109,126,102,43,70,46,43,59,108,64,129,81,135,100,32767,32767,32767,32767,203,177,99,47,152,153,228,125,135,122,134,125,122,32767,161,32767,313,164,318,32767,32767,32767,32767,347,32767,394,406,32767,477,458,572,650,586,32767,32767,808,810,32767,970,935,29998,29999]} 1. e4 {[%emt 0:00:00]} c5 {[%emt 0:00:00]} 2. Nf3 {[%emt 0:00:00]} d6 {[%emt 0:00:05]} 3. d4 {[%emt 0:00:02]} cxd4 {[%emt 0:00:08]} 4. Nxd4 {[%emt 0:00:06]} Nf6 {[%emt 0:00:07]} 5. Nc3 {[%emt 0:00:12]} a6 {[%emt 0:00:07]} 6. f3 {[%emt 0:00:20]} e5 {[%emt 0:00:17]} 7. Nb3 {[%emt 0:00:05]} Be6 {[%emt 0:00:34]} 8. Be3 {[%emt 0:00:19]} Be7 {[%emt 0:00:08]} 9. Qd2 {[%emt 0:00:19]} Qc7 {[%emt 0:00:43]} 10. g4 {[%emt 0:00:41]} O-O {[%emt 0:00:08]} 11. g5 {[%emt 0:03:26]} Nh5 {[%emt 0:00:28]} 12. O-O-O {[%emt 0:00:09]} Rc8 {[%emt 0:00:04]} 13. Nd5 {[%emt 0:12:55]} Bxd5 $1 {[%emt 0:00:41]} 14. exd5 {[%emt 0:00:07]} Nd7 {[%emt 0:02:56]} 15. Bh3 {[%emt 0:04:38]} a5 {[%emt 0:04:42]} 16. Kb1 {[%emt 0:05:10]} a4 {[%emt 0:00:14]} 17. Nc1 {[%emt 0:00:12]} b5 {[%emt 0:05:56]} 18. Nd3 {[%emt 0:03:31]} a3 {[%emt 0:05:51]} 19. b3 {[%emt 0:00:56]} Re8 {[%emt 0:02:52]} 20. Bg4 {[%emt 0:02:06]} Nf4 {[%emt 0:00:16]} 21. Bxf4 {[%emt 0:02:44]} ({White should try} 21. Nxf4 $16 exf4 22. Bxf4) 21... exf4 {[%emt 0:00:09]} 22. Bxd7 {[%emt 0:00:17]} ({Reject} 22. Qxf4 Nb6 $15) 22... Qxd7 {[%emt 0:00:20]} 23. Qxf4 {[%emt 0:00:20]} Qc7 {[%emt 0:06:40]} 24. h4 {[%emt 0:02:26]} Rec8 {[%emt 0:01:19]} 25. Rh2 {[%emt 0:01:11]} h5 {[%emt 0:00:37]} 26. Qb4 {[%emt 0:22:35]} Qd7 {[%emt 0:02:22]} 27. f4 {[%emt 0:01:34]} Bd8 {[%emt 0:00:20]} 28. Qe4 {[%emt 0:01:16]} Qg4 $2 {[%emt 0:05:10]} (28... Bb6 $14) 29. Qe8+ {[%emt 0:03:46]} Kh7 {[%emt 0:00:02]} 30. Qe2 {[%emt 0:00:15]} Qxe2 {[%emt 0:04:01]} (30... Bb6 $1 $14) 31. Rxe2 {[%emt 0:00:02]} Kg6 {[%emt 0:01:00]} (31... Ba5 $16 {might work better.}) 32. f5+ {[%emt 0:01:50]} ({White should try} 32. Nb4 $18) 32... Kxf5 {[%emt 0:01:11]} 33. Rf1+ {[%emt 0:00:05]} Kg6 {[%emt 0:00:21]} 34. Nf4+ {[%emt 0:00:05]} Kh7 {[%emt 0:00:23]} 35. Nxh5 {[%emt 0:00:11]} Rc5 {[%emt 0:01:11]} 36. Nf4 {[%emt 0:00:21]} Rac8 {[%emt 0:00:20]} (36... Rb8 {was worth a try.} 37. Re8 Rbc8) 37. Rg2 {[%emt 0:03:15]} (37. Nd3 $142) 37... R8c7 $2 {[%emt 0:10:09]} (37... R5c7 {was worth a try.} 38. h5 Kg8) 38. h5 {[%emt 0:02:25]} Bxg5 {[%emt 0:01:54]} 39. Rxg5 {[%emt 0:00:15]} Rxc2 {[%emt 0:00:06]} 40. Rg2 {[%emt 0:00:25]} Rxg2 {[%emt 0:00:09]} 41. Nxg2 {[%emt 0:00:01]} Kh6 {[%emt 0:00:09]} 42. Ne3 {[%emt 0:00:41]} Kxh5 {[%emt 0:01:48]} 43. Nf5 {[%emt 0:00:11]} Rd7 {[%emt 0:03:31]} 44. Nxg7+ {[%emt 0:00:24]} Kg6 {[%emt 0:00:36]} 45. Nf5 {[%emt 0:00:18]} b4 {[%emt 0:00:33]} 46. Rf2 {[%emt 0:00:36]} Kg5 {[%emt 0:00:48]} 47. Kc2 {[%emt 0:00:08]} Kf6 {[%emt 0:01:52]} 48. Kd3 {[%emt 0:00:09]} Ke5 {[%emt 0:00:38]} 49. Ne3 {[%emt 0:00:07]} 1-0

[Event "Portugal Open 2019"]
[Site "Lisbon"]
[Date "2019.02.05"]
[Round "5.22"]
[White "Costa, Paulo"]
[Black "Krishna Teja, N."]
[Result "1-0"]
[WhiteElo "2200"]
[BlackElo "2391"]
[Annotator "TA"]
[PlyCount "63"]
[EventDate "2019.01.25"]
[EventType "swiss"]
[EventCountry "POR"]
[SourceTitle "playchess.com"]
[Source "ChessBase"]
[SourceQuality "1"]

{[%evp 18,63,26,8,16,9,0,16,24,0,64,68,127,126,135,117,190,173,188,181,177,185,183,183,214,161,428,417,649,661,655,653,681,652,1975,1966,1850,1839,1481,952,2608,2132,29989,29990,29996,29997,29998,29998]} 1. d4 Nf6 2. Nf3 e6 3. Bf4 c5 4. e3 Nc6 5. c3 d5 6. Nbd2 Bd6 7. Bg3 O-O 8. Bb5 {D02: 1 d4 d5 2 Nf3 sidelines, including 2...Nf6 3 g3 and 2...Nf6 3 Bf4} Ne7 (8... cxd4 9. exd4 Ne7 10. Bd3 Ng6 11. O-O Bxg3 12. fxg3 b5 13. Qe2 Qb6 14. Ng5 b4 15. Ndf3 h6 {½-½ (34) Naroditsky,D (2616)-Mamedyarov,S (2817) chess.com INT 2019}) 9. Bd3 Ng6 10. Ne5 {LiveBook: 8 Games. White has an edge.} b6 11. f4 {[%cal Bf2f4,Bf4e5][%mdl 32]} Bb7 $146 ({Predecessor:} 11... a5 12. Qe2 Bb7 13. O-O Ne4 14. Nxe4 dxe4 15. Bb5 Bxe5 16. dxe5 {1-0 (37) Baldauf,M (2431)-Van Foreest,L (2384) Novi Sad 2016}) 12. Qf3 Nd7 13. h4 {[%cal Bh2h4,Bh4h5][%mdl 32]} f5 (13... Ne7 $11) 14. h5 $14 Ngxe5 (14... Nh8 $14) 15. fxe5 $16 Be7 {[#]} 16. Bf4 $1 a5 {[#]} (16... Rf7 $16) 17. g4 $1 $18 Ba6 18. Bc2 cxd4 19. exd4 Rf7 20. gxf5 Nf8 21. h6 $36 {[%mdl 2048] Black is under strong pressure.} exf5 $2 (21... g6 {was worth a try.}) 22. hxg7 Ne6 (22... Rxg7 $142 23. O-O-O Bc8) 23. Qh5 {[%csl Gh1][%cal Rh5h7]} Rxg7 24. Bh6 Rg6 25. Bxf5 Ng7 26. Bxg7 $1 Rxg7 27. Bxh7+ Kf8 28. c4 Bg5 29. Bg6 {Qh8+ would kill now.} Raa7 30. Qh8+ {White mates.} Rg8 31. Rf1+ Ke7 32. Qh7+ {Precision: White = 74%, Black = 20%.} 1-0

[Event "Portugal Open 2019"]
[Site "Lisbon"]
[Date "2019.02.05"]
[Round "5.23"]
[White "Li, Yunshan"]
[Black "Carrasco Martinez, Juan M."]
[Result "1/2-1/2"]
[WhiteElo "2196"]
[BlackElo "2380"]
[Annotator "RC"]
[PlyCount "128"]
[EventDate "2019.01.25"]
[EventType "swiss"]
[EventCountry "POR"]
[SourceTitle "playchess.com"]
[Source "ChessBase"]
[SourceQuality "1"]
[TimeControl "5400+30"]

1. d4 {[%emt 0:00:00]} Nf6 {[%emt 0:03:05]} 2. c4 {[%emt 0:00:00]} c5 {[%emt 0:00:22]} 3. d5 {[%emt 0:00:00]} b5 {[%emt 0:00:05]} 4. cxb5 {[%emt 0:00:00]} a6 {[%emt 0:00:06]} 5. e3 {[%emt 0:00:00]} d6 {[%emt 0:05:02]} 6. Nc3 {[%emt 0:00:20]} g6 {[%emt 0:00:06]} 7. Nf3 {[%emt 0:00:15]} Bg7 {[%emt 0:00:06]} 8. a4 {[%emt 0:00:22]} O-O {[%emt 0:00:08]} 9. e4 {[%emt 0:00:09]} Nbd7 {[%emt 0:00:14]} 10. Ra3 {[%emt 0:00:25]} Ne8 {[%emt 0:00:28]} 11. Rb3 {[%emt 0:07:40]} axb5 {[%emt 0:01:15]} 12. Bxb5 {[%emt 0:01:33]} Ba6 {[%emt 0:01:31]} 13. O-O {[%emt 0:09:23]} Bxb5 {[%emt 0:02:12]} 14. axb5 {[%emt 0:03:33]} Nb6 {[%emt 0:10:33]} 15. Qc2 {[%emt 0:03:36]} Nc7 {[%emt 0:01:25]} 16. Bf4 {[%emt 0:08:19]} Qd7 {[%emt 0:00:33]} 17. Rd1 {[%emt 0:02:25]} Ra5 {[%emt 0:07:16]} 18. e5 {[%emt 0:01:20]} Rfa8 {[%emt 0:01:13]} 19. h4 {[%emt 0:13:55]} Ra1 {[%emt 0:05:00]} 20. Kh2 {[%emt 0:02:19]} Rxd1 {[%emt 0:07:16]} 21. Qxd1 {[%emt 0:00:58]} Qf5 {[%emt 0:04:39]} 22. Bg3 {[%emt 0:01:10]} dxe5 {[%emt 0:00:19]} 23. Ra3 {[%emt 0:03:15]} Rd8 {[%emt 0:04:34]} 24. Qe1 {[%emt 0:04:03]} f6 {[%emt 0:05:25]} 25. Ra7 {[%emt 0:07:20]} Qc8 {[%emt 0:03:12]} 26. Nd2 {[%emt 0:04:34]} Qb8 {[%emt 0:06:40]} 27. Qa1 {[%emt 0:01:48]} Nc8 {[%emt 0:06:15]} 28. Ra5 {[%emt 0:03:43]} Nd6 {[%emt 0:00:07]} 29. Qa4 {[%emt 0:04:32]} Qb6 {[%emt 0:00:32]} 30. f4 {[%emt 0:01:28]} exf4 {[%emt 0:03:53]} 31. Bxf4 {[%emt 0:00:08]} f5 {[%emt 0:00:11]} 32. Nc4 {[%emt 0:04:11]} Nxc4 {[%emt 0:05:32]} 33. Qxc4 {[%emt 0:00:07]} Kf8 {[%emt 0:03:58]} 34. Ra1 {[%emt 0:00:31]} Bd4 {[%emt 0:04:06]} 35. Rc1 {[%emt 0:02:09]} Qf6 {[%emt 0:00:40]} 36. g3 {[%emt 0:00:42]} Be5 {[%emt 0:00:38]} 37. Bxe5 {[%emt 0:04:13]} Qxe5 {[%emt 0:00:06]} 38. Qxc5 {[%emt 0:00:18]} Rxd5 {[%emt 0:04:28]} 39. Nxd5 {[%emt 0:00:15]} Nxd5 {[%emt 0:00:03]} 40. Rc2 {[%emt 0:01:30]} Qe4 {[%emt 0:00:03]} 41. Qc8+ {[%emt 0:00:34]} Kg7 {[%emt 0:00:21]} 42. Qc4 {[%emt 0:00:17]} Qf3 {[%emt 0:00:51]} 43. Qe2 {[%emt 0:03:09]} Qb3 {[%emt 0:00:04]} 44. Rc5 {[%emt 0:01:46]} Ne3 {[%emt 0:00:42]} 45. Rc3 {[%emt 0:00:24]} Ng4+ {[%emt 0:00:04]} 46. Kg1 {[%emt 0:00:19]} Qb4 {[%emt 0:00:22]} 47. Kg2 {[%emt 0:02:56]} Qd6 {[%emt 0:00:53]} 48. Rd3 {[%emt 0:01:04]} Qc7 {[%emt 0:01:29]} 49. b6 Qc6+ {[%emt 0:00:59]} 50. Kg1 {[%emt 0:01:19]} Qxb6+ {[%emt 0:00:14]} 51. Kf1 {[%emt 0:00:08]} Qb7 {[%emt 0:00:47]} 52. Ke1 {[%emt 0:00:17]} Qb4+ {[%emt 0:00:50]} 53. Kd1 {[%emt 0:00:26]} Qa4+ {[%emt 0:00:29]} 54. Kd2 {[%emt 0:00:53]} Qb4+ {[%emt 0:02:32]} 55. Kc1 {[%emt 0:00:10]} Nf6 {[%emt 0:00:28]} 56. Qe5 {[%emt 0:00:53]} Kf7 {[%emt 0:00:49]} 57. Qc3 {[%emt 0:00:23]} Qe4 {[%emt 0:00:46]} 58. Re3 {[%emt 0:00:38]} Qh1+ {[%emt 0:00:19]} 59. Re1 {[%emt 0:00:16]} Qd5 {[%emt 0:00:52]} 60. Kc2 {[%emt 0:00:44]} Qg2+ {[%emt 0:00:33]} 61. Kb1 {[%emt 0:00:39]} Ne4 {[%emt 0:00:18]} 62. Qc4+ {[%emt 0:00:19]} Kf8 {[%emt 0:00:24]} 63. Qc8+ {[%emt 0:00:38]} Kf7 {[%emt 0:01:01]} 64. Qc4+ {[%emt 0:00:05]} Kf8 {[%emt 0:00:14]} 1/2-1/2